Juan Valera, Serafín Estébanez Calderón, 1850-1858 : (Record no. 136531)

MARC details
000 -LEADER
campo de control de longitud fija 00778nam a2200193 i 4500
001 - NÚMERO DE CONTROL
campo de control 136531
003 - IDENTIFICADOR DE NÚMERO DE CONTROL
campo de control ES-MaACL
005 - FECHA Y HORA DE LA ÚLTIMA TRANSACCIÓN
campo de control 20250916212403.0
007 - CAMPO FIJO DE DESCRIPCIÓN FÍSICA--INFORMACIÓN GENERAL
campo de control de longitud fija t|
008 - DATOS DE LONGITUD FIJA--INFORMACIÓN GENERAL
campo de control de longitud fija 070214s1971 sp r ||||1| spa d
100 1# - ENTRADA PRINCIPAL--NOMBRE DE PERSONA
Nombre de persona Saénz de Tejada y Benvenuti, Carlos.
9 (RLIN) 101322
245 10 - MENCIÓN DEL TÍTULO
Título Juan Valera, Serafín Estébanez Calderón, 1850-1858 :
Resto del título crónica histórica y vital de Lisboa, Brasil, París y Dresde : (como coyunturas humanas a través de un diplomático intelectual) /
Mención de responsabilidad, etc. Carlos Sáenz de Tejada y Benvenuti.
260 ## - PUBLICACIÓN, DISTRIBUCIÓN, ETC.
Lugar de publicación, distribución, etc. Madrid :
Nombre del editor, distribuidor, etc. Moneda y Crédito,
Fecha de publicación, distribución, etc. 1971.
300 ## - DESCRIPCIÓN FÍSICA
Extensión 395 p., 8 lám. ;
Dimensiones 24 cm.
600 14 - PUNTO DE ACCESO ADICIONAL DE MATERIA--NOMBRE DE PERSONA
Nombre de persona Valera, Juan,
Fechas asociadas al nombre 1824-1905
9 (RLIN) 112638
600 14 - PUNTO DE ACCESO ADICIONAL DE MATERIA--NOMBRE DE PERSONA
Nombre de persona Estébanez Calderón, Serafín,
Fechas asociadas al nombre 1799-1867
9 (RLIN) 48084
852 ## - LOCALIZACIÓN
Ubicación ES-MaACL
Número de control de estantería C-37651
Holdings
Estatus retirado Estado de pérdida Estado de daño No para préstamo Biblioteca de origen Biblioteca actual Ubicación en estantería Fecha de adquisición Fuente de adquisición Total de préstamos Signatura topográfica completa Código de barras Visto por última vez Precio de reemplazo Tipo de ítem Koha
        Biblioteca del Ateneo de Madrid Biblioteca del Ateneo de Madrid Depósito 2 17/01/2008     C-37651 1142092 23/02/2023 23/02/2023 Libro impreso